书目信息 |
| 题名: |
黄冈解题状元·初二语文
|
|
| 作者: | ;黄冈解题状元编委会 | |
| 分册: | ||
| 出版信息: | 北京 北京教育出版社 2002.08 |
|
| 页数: | 248页 | |
| 开本: | 20cm | |
| 丛书名: | 黄冈解题状元系列丛书 | |
| 单 册: | ||
| 中图分类: | G633.3-44 | |
| 科图分类: | ||
| 主题词: | 教育--各级 | |
| 电子资源: | ||
| ISBN: | 7-5303-2642-2 | |
| 000 | 00730nam0 2200217 45 | |
| 001 | 0336324767 | |
| 005 | 2003050510052476 | |
| 010 | @a7-5303-2642-2@dRMB 8.00 | |
| 100 | @a20030505d2002 km y0chiy0120 ea | |
| 101 | 0 | @achi |
| 102 | @aCN@b110000 | |
| 200 | 1 | @a黄冈解题状元·初二语文@Ahuang gang jie ti zhuang yuan·chu er yu wen@f黄冈解题状元编委会@FHuang Gang Jie Ti Zhuang Yuan Bian Wei Hui |
| 210 | @a北京@c北京教育出版社@d2002.08 | |
| 215 | @a248页@d20cm | |
| 225 | 2 | @a黄冈解题状元系列丛书 |
| 410 | 0 | @12001 @a黄冈解题状元系列丛书 |
| 606 | 0 | @a教育@x各级 |
| 690 | @aG633.3-44@v4 | |
| 711 | 0 | @a黄冈解题状元编委会@AHuang Gang Jie Ti Zhuang Yuan Bian Wei Hui |
| 801 | 0 | @aCN@bPFT@c20030505 |
| 905 | @a10447@dG633.3-44@eH832 | |
| 黄冈解题状元·初二语文/黄冈解题状元编委会.-北京:北京教育出版社,2002.08 |
| 248页;20cm.-(黄冈解题状元系列丛书) |
| ISBN 7-5303-2642-2:RMB 8.00 |
| ● |
| 相关链接 |
|
|
|
正题名:黄冈解题状元·初二语文
索取号:G633.3-44/H832
 
预约/预借
| 序号 | 登录号 | 条形码 | 馆藏地/架位号 | 状态 | 备注 |
| 1 | 366841 | 203668414 | 社科库409/409社科库 7排2列1层/ [索取号:G633.3-44/H832] | 在馆 |